000 00276pab a2200109 454500
008 180718b xxu||||| |||| 00| 0 eng d
100 _aSubrahmanyam, K
245 _aTacking terrorism: old methods won't do
650 _aLaw Enforcement
773 _aEconomic Times
909 _a24131
999 _c24131
_d24131